| 000 | 03572nam a22003857a 4500 | ||
|---|---|---|---|
| 005 | 20081117102341.0 | ||
| 008 | 081117t xxu||||| |||| 00| 0 eng d | ||
| 010 | _aB-274383-393 | ||
| 020 |
_a9788188237579 _c245.00 |
||
| 035 | _aB-274383-393 | ||
| 037 | _aI.K. / 2008/CRB/0000445/6.06.08/58/16.5.08/20.6.08 | ||
| 040 |
_adpl _bEnglish |
||
| 082 | _a511.42 | ||
| 100 | _aRao, G. Shanker | ||
| 245 |
_aMathematical methods / _cby G. Shanker Rao |
||
| 260 |
_aNew Delhi _bI.K. International Publishing House _c2007 |
||
| 270 |
_aS-25, Green Park Extension, Uphaar Cinema Market, _bNew Delhi _e110016 |
||
| 300 |
_axiv, 606p. _c24cm (pbk) |
||
| 500 | _aIncluses index | ||
| 942 |
_2ddc _cEN _mRAO _h511.42 |
||
| 999 |
_c18513 _d18513 |
||